02058nam a2200325Ia 4500001000900000003000500009005001700014007000300031008004100034040001800075245017500093260003200268300007400300336002700374337002800401338002800429500003100457502009300488504003800581505064900619650006501268650004701333650004701380650004601427650005701473650004001530700004401570700004101614856007701655dia_6486CHAP20240509122839.0ta220117s2017 mx ado f 001 0 spa d cCHAPamxchpua10aReporte de fase de campo de la materia de Interrelación Agricultura-Industria /ccoordinadora Ofelia Sandoval Castilla ; colaboradores Itzel Abarca Leocadio...[y otros] aMéxico :bEl autor,c2017 a179 páginas : bilustraciones, diagramas, tablas, gráficas, fotos 2rdacontentatextobtxt 2rdamediaano mediadobn 2rdacarrieravolumenbnc aGrado: 5° año Grupo: 01 aViaje de Estudios b(IAI) -- cUACh. Departamento de Ingeniería Agroindustrial, d2017 aBibliografía: páginas 160-16800aEmpresas visitadas : -- t1.Productos Alimenticios Oly -- 2. Centro de Acopio El Ranchito -- 3. Centro de Acopio El Capulín -- 4. Centro de Acopio Tarimoro -- 5. Centro de acopio Duces Nombres -- 6. Centro de Acopio Lechería 1-- 7. Centro de Acopio Las Cañas -- 8. Centro de Acopio Emiliano Zapata -- 9. Fábrica de Cajetas La Reyna -- 10. La Tradicional de Salgado -- 11. Los Chiveros, S.P.R. de R.L. -- 12. CAPRINUTRE, S.P.R. de R. L. -- 13. Viñedos Azteca, S. A. de C. V. -- 14. Viñedo San Patricio -- 15. Sala vivé By Freixenet -- 16. Viñedos La Redonda -- 17. Bodegas de Cote Casa Vitivinícola -- 18. Viñedo Los Rosales13aLeche de cabraxIndustria y comerciozMéxicozGuanajuato 13aIndustria del vinozMéxicozGuanajuato 13aIndustria agrícolazMéxicozGuanajuato13aAgricultural industryzMexicozGuanajuato13aGoat milkxIndustry and tradezMéxicozGuanajuato 13aWine industryzMéxicozGuanajuato1 aSandoval Castilla, Ofeliaecoordinadora1 aAbarca Leocadio, Itzelecolaboradora42uhttp://10.13.5.2/ve/TC739IAI/TC739IAI2017-REPORTE.pdfyDESCARGAR REPORTE